Автоматизированные акустические и оптико-электронные комплексы и системы для экологического и метеорологического мониторинга атмосферы: диссертация на соискание ученой степени доктора технических наук; спец. 05.11.13

Bibliografiset tiedot
Päätekijä: Корольков В. А. Владимир Александрович
Yhteisötekijä: Российская академия наук (РАН) Сибирское отделение (СО) Институт мониторинга климатических и экологических систем (ИМКЭС)
Muut tekijät: Тихомиров А. А. Александр Алексеевич (научный консультант)
Yhteenveto:Защищена 14.03.2016 г.
Kieli:venäjä
Julkaistu: Томск, [Б. и.], 2016
Aiheet:
Aineistotyyppi: Kirja
KOHA link:https://koha.lib.tpu.ru/cgi-bin/koha/opac-detail.pl?biblionumber=329626

MARC

LEADER 00000nbm0a2200000 4500
001 329626
005 20231102004159.0
035 |a (RuTPU)RU\TPU\book\355386 
035 |a RU\TPU\book\355500 
090 |a 329626 
100 |a 20170320j20170314k y0rusy50 ca 
101 0 |a rus 
102 |a RU 
105 |a a m 001zy 
200 1 |a Автоматизированные акустические и оптико-электронные комплексы и системы для экологического и метеорологического мониторинга атмосферы  |e диссертация на соискание ученой степени доктора технических наук  |e спец. 05.11.13  |f В. А. Корольков  |g Российская академия наук (РАН), Сибирское отделение (СО), Институт мониторинга климатических и экологических систем (ИМКЭС) ; науч. конс. А. А. Тихомиров 
210 |a Томск  |c [Б. и.]  |d 2016 
215 |a 471 л.  |c ил. 
300 |a Защищена 14.03.2016 г. 
320 |a Библиогр.: с. 379-412 (258 назв.) 
452 1 |0 (RuTPU)RU\TPU\book\354277  |t Автоматизированные акустические и оптико-электронные комплексы и системы для экологического и метеорологического мониторинга атмосферы  |o диссертация на соискание учёной степени доктора технических наук  |o спец. 05.11.13  |f В. А. Корольков  |g Российская академия наук (РАН), Сибирское отделение (СО), Институт мониторинга климатических и экологических систем (ИМКЭС) ; науч. конс. А. А. Тихомиров  |c Томск  |d 2016  |a Корольков, Владимир Александрович 
606 1 |a Метеорологические приборы  |2 stltpush  |3 (RuTPU)RU\TPU\subj\43454  |9 62953 
610 1 |a атмосфера 
610 1 |a экологический мониторинг 
610 1 |a метеорологический мониторинг 
610 1 |a инструментальное обеспечение 
610 1 |a контроль 
610 1 |a акустические приборы 
610 1 |a оптические приборы 
610 1 |a дистанционные измерения 
610 1 |a приземная атмосфера 
610 1 |a загрязнения 
610 1 |a оптические газоанализаторы 
610 1 |a атмосферный пограничный слой 
610 1 |a автоматизированные системы 
610 1 |a диссертации 
675 |a 551.508  |v 4 
686 |a 05.11.13  |2 oksvnk 
700 1 |a Корольков  |b В. А.  |g Владимир Александрович 
702 1 |a Тихомиров  |b А. А.  |g Александр Алексеевич  |4 695 
712 0 2 |a Российская академия наук (РАН)  |b Сибирское отделение (СО)  |b Институт мониторинга климатических и экологических систем (ИМКЭС)  |c (Томск)  |c (2003- )  |2 stltpush  |3 (RuTPU)RU\TPU\col\7455 
801 1 |a RU  |b 63413507  |c 20170317 
801 2 |a RU  |b 63413507  |c 20180110  |g RCR 
942 |c BK